000 00465nam a2200169 i 4500
001 bg
100 1 _aDUDA, Roman.
245 0 _aWprowadzenie do topologii.
_nCz. 2,
_pTopologia algebraiczna i topologia rozmaitoƛci /
_cR. Duda.
260 _aWarszawa,
_c1986.
490 1 _aBiblioteka Matematyczna
830 _aBiblioteka Matematyczna
040 _cBPK
041 _apol
080 _a515.1(075.8)
942 _cKS
008 s pl f |000 0 pol
999 _c23259
_d23259
856 _uhttp://koha.tu.koszalin.pl/cgi-bin/koha/opac-detail.pl?biblionumber=23259
_yKatalog online BPK